000 00675nam a2200181Ia 4500
008 090124s9999 xx 000 0 und d
082 _b132116
100 _aनाडकर्णी ज्ञानेश्र्वर
245 _a प्रतिभेच्या पाऊलवाटा
250 _a1
260 _c2003
300 _a354
600 _aनाडकर्णी ज्ञानेश्र्वर
630 _a प्रतिभेच्या पाऊलवाटा
700 _aनाडकर्णी ज्ञानेश्र्वर
730 _a प्रतिभेच्या पाऊलवाटा
942 _cBOOK
999 _c178205
_d178205